000 00574nam a2200193 4500
003 OSt
005 20151109124303.0
008 151109b xxu||||| |||| 00| 0 eng d
020 _a0471359408
040 _aSEKU
050 _aR 726.7
_b.S2 1994
100 _aSafino, P. Edwart
245 _aHealth Psychology/
_bBiopsychology Interactions
_cEdward P.Sarafino
250 _a4ed.
260 _aNew York:
_bJohn Wiley,
_c2002.
300 _a613p. :
690 _2Clinical health psychology.
_a Disease--psychology.
_v Psychophysiologic Disorders
942 _2lcc
_cGEN
999 _c9701
_d9701